[Event "BRA-ch (Women) 62nd"]
[Site "Timbo"]
[Date "2023.10.30"]
[Round "3"]
[White "Toffoli, Vanessa"]
[Black "Melo, Gabrieli De"]
[Result "1/2-1/2"]
[WhiteElo "1381"]
[BlackElo "1800"]
[PlyCount "127"]
[EventDate "2023.10.29"]
[EventType "swiss"]
[EventRounds "9"]
[EventCountry "BRA"]
[SourceTitle "Mega2024 Update 01"]
[Source "Chessbase"]
[SourceDate "2023.11.12"]
[SourceVersion "1"]
[SourceVersionDate "2023.11.12"]
[SourceQuality "1"]

1. e4 c5 2. Nf3 Nc6 3. Bb5 g6 4. c3 Bg7 5. 0-0 Nf6 6. Qe2 d6 7. Rd1 0-0 8. d4 cxd4 9. cxd4 a6 10. Bc4 d5 11. exd5 Nxd5 12. Nc3 Nxc3 13. bxc3 b5 14. Bb3 Qc7 15. Ba3 Bf6 16. Bc5 Re8 17. Rac1 Na5 18. Bd5 Rb8 19. Ne5 e6 20. Bf3 Bb7 21. Rd3 Red8 22. Re1 Bd5 23. Bxd5 Rxd5 24. Ng4 Bg7 25. Qf3 Kh8 26. Qg3 Qxg3 27. fxg3 Nc4 28. Rf3 Rb7 29. Ne3 Nxe3 30. Rfxe3 Bh6 31. R3e2 Kg8 32. Rb1 Bf8 33. Bxf8 Kxf8 34. a4 Rc7 35. axb5 axb5 36. Rb3 b4 37. cxb4 Rxd4 38. b5 Rb7 39. Rc2 Ke7 40. Kf2 Rd5 41. b6 Rd6 42. Rc7+ Rd7 43. Rc6 e5 44. Kf3 f5 45. Rb5 Rd3+ 46. Ke2 e4 47. g4 fxg4 48. Re5+ Kd7 49. Rxe4 Rb3 50. Rc7+ Rxc7 51. bxc7 Kxc7 52. Rxg4 Kd6 53. Re4 Kd5 54. Re7 h5 55. Rg7 Rb6 56. Kf3 Ke5 57. h3 Rb3+ 58. Kf2 Kf5 59. Rf7+ Kg5 60. Rc7 Rb4 61. Rc3 h4 62. Rf3 Rf4 63. Rxf4 Kxf4 64. Kg1 1/2-1/2

[Event "Florianopolis op 5th"]
[Site "Florianopolis"]
[Date "2019.01.26"]
[Round "9"]
[White "Almeida Junior, Alvaro Alves de"]
[Black "Melo, Gabrieli De"]
[Result "1-0"]
[WhiteElo "2039"]
[BlackElo "1755"]
[PlyCount "101"]
[EventDate "2019.01.21"]
[EventType "swiss"]
[EventRounds "10"]
[EventCountry "BRA"]
[SourceTitle "CBM 188 Extra"]
[Source "ChessBase"]
[SourceDate "2019.02.26"]
[SourceVersion "1"]
[SourceVersionDate "2019.02.26"]
[SourceQuality "1"]

1. e4 c5 2. Nf3 Nc6 3. d4 cxd4 4. Nxd4 Nf6 5. Nc3 d6 6. Bg5 e6 7. Qd2 Nxd4 8. Qxd4 Be7 9. 0-0-0 0-0 10. f4 Qa5 11. Kb1 Rd8 12. Qd2 h6 13. Bxf6 Bxf6 14. Nd5 Qxd2 15. Nxf6+ gxf6 16. Rxd2 b6 17. e5 d5 18. exf6 a5 19. Rd3 e5 20. fxe5 Re8 21. Rxd5 Bb7 22. Rd7 Bc6 23. Rc7 Rxe5 24. Bc4 Bd5 25. Rf1 Rae8 26. a3 Re1+ 27. Rxe1 Rxe1+ 28. Ka2 Bxc4+ 29. Rxc4 Re6 30. Rf4 Kh7 31. Kb3 Kg6 32. Rf2 h5 33. c4 Rc6 34. Kc3 b5 35. b3 a4 36. Rf4 axb3 37. Kxb3 bxc4+ 38. Kc3 Kg5 39. g3 Re6 40. Kb4 c3 41. Rc4 Kxf6 42. Rxc3 Kg5 43. Rc4 Rb6+ 44. Kc3 Rb1 45. a4 Rc1+ 46. Kb3 Rb1+ 47. Ka2 Rb8 48. h4+ Kf5 49. Rc5+ Kg6 50. Rg5+ Kh6 51. a5 1-0

[Event "Blumenau STD op"]
[Site "Blumenau"]
[Date "2018.09.29"]
[Round "4"]
[White "Gauche, Charles"]
[Black "Melo, Gabrieli De"]
[Result "1/2-1/2"]
[WhiteElo "2224"]
[BlackElo "1735"]
[PlyCount "96"]
[EventDate "2018.09.28"]
[EventType "swiss"]
[EventRounds "6"]
[EventCountry "BRA"]
[SourceTitle "EXT 2020"]
[Source "ChessBase"]
[SourceDate "2019.10.17"]
[SourceVersion "1"]
[SourceVersionDate "2019.10.17"]
[SourceQuality "1"]

1. e4 c5 2. Nf3 Nc6 3. d4 cxd4 4. Nxd4 Nf6 5. Nc3 d6 6. Bg5 Bd7 7. f4 Rc8 8. Qd2 a6 9. 0-0-0 Qa5 10. Nb3 Qb6 11. e5 Ng4 12. Nd5 Qf2 13. h3 Qxd2+ 14. Rxd2 Nh6 15. exd6 Nf5 16. dxe7 Ncxe7 17. Nb6 Rc7 18. g4 Ng3 19. Rg1 Ne4 20. Rxd7 Rxd7 21. Nxd7 Kxd7 22. Bg2 Nxg5 23. fxg5 Nc6 24. Rf1 Nd8 25. Bd5 Be7 26. Bxf7 Bxg5+ 27. Kd1 Rf8 28. Bc4 Rxf1+ 29. Bxf1 Ne6 30. Ke2 b6 31. Kf3 a5 32. Ke4 a4 33. Bb5+ Kd6 34. Bxa4 Nc5+ 35. Nxc5 Kxc5 36. Bd7 b5 37. c3 Bc1 38. b3 Bb2 39. Kd3 b4 40. cxb4+ Kxb4 41. a4 Bf6 42. Ke4 Ka5 43. Kd5 Kb4 44. Kc6 Bd8 45. Be6 h6 46. Kd7 Bf6 47. Ke8 Ka5 48. Kf7 Kb4 1/2-1/2

[Event "Porto Alegre op"]
[Site "Porto Alegre"]
[Date "2017.11.26"]
[Round "4"]
[White "Boabaid, Jorge Alberto Duard"]
[Black "Melo, Gabrieli De"]
[Result "1-0"]
[WhiteElo "1828"]
[BlackElo "1643"]
[PlyCount "79"]
[EventDate "2017.11.24"]
[EventType "swiss"]
[EventRounds "5"]
[EventCountry "BRA"]
[SourceTitle "CBM 181 Extra"]
[Source "ChessBase"]
[SourceDate "2017.12.12"]
[SourceVersion "1"]
[SourceVersionDate "2017.12.12"]
[SourceQuality "1"]

1. d4 Nf6 2. c4 e6 3. Nf3 d5 4. Nc3 Be7 5. e3 0-0 6. Bd3 Nbd7 7. 0-0 dxc4 8. Bxc4 c5 9. Qe2 cxd4 10. Nxd4 Ne5 11. Bb3 Bd7 12. Rd1 a6 13. e4 Rc8 14. Bf4 Ng6 15. Bg3 e5 16. Nf5 Bb4 17. Nd5 Nxd5 18. Rxd5 Qc7 19. Qg4 Rfe8 20. Rxd7 Qc6 21. Bxf7+ Kh8 22. Bxe8 Rxe8 23. Rad1 Bf8 24. h4 Qf6 25. h5 Nf4 26. Bh4 Qc6 27. Rxg7 Ng6 28. Rxh7+ Kxh7 29. hxg6+ Kg8 30. g7 Bc5 31. Qh5 Qa4 32. Qh8+ Kf7 33. g8Q+ Rxg8 34. Nh6+ Kg6 35. Qxg8+ Kxh6 36. Qh8+ Kg6 37. Qf6+ Kh7 38. Qf5+ Kh6 39. Bg5+ Kg7 40. Rd7+ 1-0

[Event "BRA-ch U18 Girls"]
[Site "Itajai"]
[Date "2016.06.11"]
[Round "4"]
[White "Melo, Gabrieli De"]
[Black "Rodio, Julia Brunetto"]
[Result "1-0"]
[WhiteElo "1436"]
[BlackElo "1684"]
[PlyCount "129"]
[EventDate "2016.06.09"]
[EventType "swiss"]
[EventRounds "6"]
[EventCountry "BRA"]
[SourceTitle "CBM 172 Extra"]
[Source "ChessBase"]
[SourceDate "2016.06.21"]
[SourceVersion "1"]
[SourceVersionDate "2016.06.21"]
[SourceQuality "1"]

1. c4 e5 2. Nc3 Nc6 3. g3 g6 4. Bg2 Bg7 5. e3 d6 6. Nge2 Be6 7. b3 Qd7 8. 0-0 Bh3 9. d4 Nge7 10. d5 Nd8 11. e4 Bxg2 12. Kxg2 f5 13. f3 Nf7 14. Rb1 g5 15. Qd3 f4 16. g4 h5 17. h3 Ng6 18. Bd2 Nh4+ 19. Kf2 Ke7 20. Ke1 hxg4 21. hxg4 Ng2+ 22. Kd1 Rh3 23. Rf2 Rh1+ 24. Kc2 Rxb1 25. Kxb1 Nh4 26. Nc1 Rh8 27. Qe2 Bf6 28. Nd3 Ng6 29. Rh2 Rh4 30. Be1 Rxh2 31. Qxh2 Nh4 32. Qh1 a6 33. Kb2 Qe8 34. Bf2 Qh8 35. b4 b6 36. a4 Kd7 37. c5 bxc5 38. bxc5 Qb8+ 39. Ka2 Be7 40. c6+ Ke8 41. Qd1 Nh8 42. Ne1 Qb4 43. Qb3 Qxb3+ 44. Kxb3 a5 45. Kc4 Kd8 46. Kb5 Kc8 47. Kxa5 Kb8 48. Kb5 Ka8 49. a5 N8g6 50. a6 Bd8 51. a7 Nf8 52. Ka6 Nfg6 53. Nb5 Ne7 54. Nc3 Nc8 55. Ne2 Ne7 56. Ng1 Neg6 57. Nc2 Ne7 58. Na3 Nc8 59. Nb5 Ng6 60. Nh3 Nh4 61. Nxg5 Ng2 62. Nf7 Ne3 63. Nxd8 Nxa7 64. Nxa7 Kb8 65. g5 1-0

[Event "BRA-ch U18 Girls"]
[Site "Itajai"]
[Date "2016.06.10"]
[Round "3"]
[White "Bartmeyer, Beatriz"]
[Black "Melo, Gabrieli De"]
[Result "0-1"]
[WhiteElo "1531"]
[BlackElo "1436"]
[PlyCount "82"]
[EventDate "2016.06.09"]
[EventType "swiss"]
[EventRounds "6"]
[EventCountry "BRA"]
[SourceTitle "CBM 172 Extra"]
[Source "ChessBase"]
[SourceDate "2016.06.21"]
[SourceVersion "1"]
[SourceVersionDate "2016.06.21"]
[SourceQuality "1"]

1. f4 d5 2. Nf3 Nf6 3. e3 c5 4. Be2 Nc6 5. 0-0 e6 6. b3 Be7 7. Bb2 0-0 8. Ne5 Qc7 9. Rf3 Rd8 10. Rh3 d4 11. Nxc6 Qxc6 12. Bf3 Qc7 13. Qe2 e5 14. Rg3 exf4 15. exf4 Qxf4 16. Qf2 Bd6 17. d3 Re8 18. Nd2 Qf5 19. Rh3 Rb8 20. Rf1 Bf4 21. Kh1 Qg5 22. Ne4 Nxe4 23. Bxe4 Bxh3 24. gxh3 Bd6 25. Bc1 Qh5 26. Qg2 Kh8 27. Bf4 Bxf4 28. Rxf4 Re7 29. Qg3 g6 30. Rf1 Rbe8 31. Bd5 Qxd5+ 32. Kg1 Qe6 33. Kg2 Qe3 34. Qh4 Qe5 35. Rf2 Kg7 36. Qg4 Qd5+ 37. Kg1 Re1+ 38. Rf1 Rxf1+ 39. Kxf1 Qf5+ 40. Qxf5 gxf5 41. Kf2 Re3 0-1

[Event "BRA-ch U18 Girls"]
[Site "Itajai"]
[Date "2016.06.09"]
[Round "1"]
[White "Borsato, Ana Carolina Teodor"]
[Black "Melo, Gabrieli De"]
[Result "1-0"]
[WhiteElo "1769"]
[BlackElo "1436"]
[PlyCount "61"]
[EventDate "2016.06.09"]
[EventType "swiss"]
[EventRounds "6"]
[EventCountry "BRA"]
[SourceTitle "CBM 172 Extra"]
[Source "ChessBase"]
[SourceDate "2016.06.21"]
[SourceVersion "1"]
[SourceVersionDate "2016.06.21"]
[SourceQuality "1"]

1. e4 c5 2. d4 cxd4 3. c3 dxc3 4. Nxc3 Nc6 5. Nf3 e6 6. Bc4 Bc5 7. 0-0 Nge7 8. Bf4 a6 9. Qe2 Ng6 10. Bg3 0-0 11. Rfd1 b5 12. Bb3 Na5 13. Bc2 Nc4 14. Bd3 Nb6 15. Rac1 Qe7 16. a3 b4 17. axb4 Bxb4 18. Bc7 Ba5 19. Na2 Ra7 20. b4 Rxc7 21. Rxc7 Nd5 22. Rxc8 Rxc8 23. exd5 Bxb4 24. Nxb4 Qxb4 25. Bxg6 hxg6 26. dxe6 dxe6 27. Qxa6 Rc7 28. h4 Qg4 29. Qa8+ Kh7 30. Ng5+ Kh6 31. Qh8# 1-0

[Event "Porto Alegre IRT U2200 1st"]
[Site "Porto Alegre"]
[Date "2016.04.10"]
[Round "5.12"]
[White "Melo, Gabrieli De"]
[Black "Da Silva, Anderson Batista Br"]
[Result "1-0"]
[WhiteElo "1817"]
[BlackElo "1800"]
[PlyCount "123"]
[EventDate "2016.04.09"]
[EventType "swiss"]
[EventRounds "5"]
[EventCountry "BRA"]
[SourceTitle "EXT 2022"]
[Source "ChessBase"]
[SourceDate "2021.10.06"]
[SourceVersion "1"]
[SourceVersionDate "2021.10.06"]
[SourceQuality "1"]

1. c4 e5 2. Nc3 Nf6 3. Nf3 Nc6 4. g3 d5 5. cxd5 Nxd5 6. Bg2 Nb6 7. 0-0 Be7 8. a3 0-0 9. d3 Be6 10. Be3 f6 11. Rc1 Rb8 12. Na4 Nxa4 13. Qxa4 Bd7 14. Qc4+ Kh8 15. b4 Bd6 16. Bc5 Qe7 17. Nd2 Nd4 18. Rfe1 Be6 19. Bxd6 cxd6 20. Qc7 Nc6 21. Qxe7 Nxe7 22. Rc2 b6 23. Rec1 Rfc8 24. Rxc8+ Rxc8 25. Rxc8+ Bxc8 26. Kf1 d5 27. Ke1 Kg8 28. Kd1 b5 29. Kc2 Kf7 30. Nb3 Ke6 31. Nc5+ Kd6 32. Kc3 Nc6 33. Nb3 a6 34. e3 Ne7 35. Kd2 f5 36. d4 e4 37. Bf1 Nc6 38. Nc5 g6 39. Be2 h5 40. Kc3 Nb8 41. a4 bxa4 42. Nxa4 Bd7 43. Bd1 Bb5 44. Bb3 Nd7 45. Kd2 Kc6 46. Nc3 Nf6 47. h3 Bf1 48. h4 Bb5 49. Ke1 Bc4 50. Ba4+ Kb6 51. Kd2 Bb5 52. Bxb5 axb5 53. Ne2 Ng4 54. Ke1 Nh2 55. Nf4 Nf3+ 56. Kd1 g5 57. hxg5 Nxg5 58. Nxd5+ Kb7 59. Ne7 Nf3 60. Nxf5 Kc6 61. Kc2 Kd7 62. Kc3 1-0